Đang tải...

Ivanhoe

Chi tiết về thư mục
Tác giả chính: Scott, Walter
Định dạng: Printed Book
Được phát hành: A Signet Classic; 1962
Những chủ đề:
LEADER 00572nam a22001457a 4500
082 |a 823  |b SCO/I K2 
100 |a Scott, Walter  |9 238817 
245 |a Ivanhoe 
260 |b A Signet Classic;  |c 1962 
300 |a 508p. 
650 |a Fiction; English Literature  |9 298830 
942 |c BK 
999 |c 70879  |d 70879 
952 |0 0  |1 0  |4 0  |6 823_000000000000000_SCO_I_K2  |7 0  |8 ENGF  |9 83846  |a MAL  |b MAL  |d 2016-12-23  |e 42235  |l 0  |o 823 SCO/I K2  |p MAL042235  |r 2016-12-23  |t 1  |w 2016-12-23  |y BK 
952 |0 0  |1 0  |4 0  |6 823_000000000000000_SCOI  |7 0  |9 296247  |a ENG  |b ENG  |d 2020-03-10  |l 0  |o 823 SCO-I  |p ENG5638  |r 2020-03-10  |w 2020-03-10  |y BK